000 01210nam0a2200277 4500
001 RU\NLR\bibl\1886515
005 20250616194429.0
010 _a978-5-377-05112-1
_940000
021 _aRU
_b2012-17490
_91319
035 _a(NLR Aleph) 001876249
090 _a2729016
_c2729016
100 _a20120402d2012 |||y0rusy50 ca
101 0 _arus
102 _aRU
105 _aa |||||||||
200 1 _aДомашняя работа по геометрии за 7 класс
_eс задачами повышенной трудности
_eк учебнику "Геометрия, 7-9: учеб. для общеобразоват. учреждений / [Л.С. Атанасян, В.Ф. Бутузов, С.Б. Кадомцев и др.]. - 21-е изд. - М.: Просвещение, 2011"
205 _a18-изд., перераб. и испр.
210 _aМосква
_cЭкзамен
_d2012
215 _d20
225 1 _aСерия Решебник
700 1 _aПрокопович
_bА. Н.
_4070
801 0 _aRU
_bNLR
_c20120402
_gRCR
801 1 _aRU
_bNLR
_c20120402
942 _cBOOK
980 _aNB